000 01225cam a2200313 i 4500
001 17397341
003 OSt
005 20180117085939.0
008 120723s2013 nyu b 001 0 eng
010 _a 2012029734
020 _a9780415660518 (hardback : alk. paper)
020 _a9780415524964 (pbk. : alk. paper)
020 _a9780203120064 (ebook)
040 _aDLC
_beng
_cDLC
_erda
_dDLC
042 _apcc
050 0 0 _aBF636.64
_b.I58 2013
082 0 0 _a158.3
_223
245 0 0 _aIntroduction to the counseling profession /
_cedited by David Capuzzi, Walden University and Douglas R. Gross, Arizona State University.
250 _aSixth Edition
300 _axx, 508 pages ;
_c26 cm.
504 _aIncludes bibliographical references and index.
650 0 _aCounseling
_xVocational guidance.
700 1 _aCapuzzi, Dave.
700 1 _aGross, Douglas R.
906 _a7
_bcbc
_corignew
_d1
_eecip
_f20
_gy-gencatlg
942 _2ddc
_cBK
999 _c2379
_d2379